000 00848nam a2200193Ii 4500
003 JO-AjNU
008 230605s9999||||xx |||||||||||||| ||und||
040 _aJO-AjNU
_bara
_erda
_cJO-AjNU
041 _aara
050 1 4 _aQA76 2018
100 3 _aاعداد راما مطلق محمد عياصرة؛ اشراف غازي الشقاح,
_eauthor
_958273
245 0 0 _aنظام ادارة العلامات = Mark Management System
264 3 1 _aعجلون: جامعة عجلون الوطنيه، 2018
300 _a26ص
_bمشروع تخرج جامعة عجلون الوطنيه ( عجلون ، الاردن) كلية تكنولوجيا المعلومات، 2018
336 _atext
_btxt
_2rdacontent
337 _aunmediated
_bn
_2rdamedia
338 _avolume
_bnc
_2rdacarrier
650 4 _aادارة العلامات - نظام حوسبة
_958274
999 _aA26160
_c29728
_d29728